¡Imashi! ¡imashi! : (Registro nro. 83769)
[ vista simple ]
| 000 -CABECERA | |
|---|---|
| Longitud fija campo de control | 02101nam a2200337 4500 |
| 003 - IDENTIFICADOR DEL NÚMERO DE CONTROL | |
| Identificador del número de control | EC-QuCCB |
| 005 - FECHA Y HORA DE LA ÚLTIMA TRANSACCIÓN | |
| Fecha y hora de la última transacción | 20260330121747.0 |
| 007 - CAMPO FIJO DE DESCRIPCIÓN FÍSICA--INFORMACIÓN GENERAL | |
| Campo fijo de descripción física | ta |
| 008 - DATOS DE LONGITUD FIJA--INFORMACIÓN GENERAL | |
| Códigos de información de longitud fija | 260330s1993 |||a|||gr|||| 001 0 spa d |
| 020 ## - NÚMERO INTERNACIONAL ESTÁNDAR DEL LIBRO | |
| Número Internacional Normalizado para Libros (ISBN) | 9978-99-068-2 |
| 040 ## - FUENTE DE LA CATALOGACIÓN | |
| Centro catalogador de origen | EC-QuCCB |
| 041 ## - CÓDIGO DE LENGUA | |
| Código de lengua del texto;banda sonora o título independiente | spa |
| Código de lengua del texto;banda sonora o título independiente | que |
| 082 ## - NÚMERO DE LA CLASIFICACIÓN DECIMAL DEWEY | |
| Número de clasificación | 398.6 |
| Número de documento | K649 |
| 100 1# - ENTRADA PRINCIPAL--NOMBRE DE PERSONA | |
| Nombre de persona | Kleymeyer, Carlos David, |
| 9 (RLIN) | 27486 |
| 245 11 - MENCIÓN DE TÍTULO | |
| Título | ¡Imashi! ¡imashi! : |
| Parte restante del título | adivinanzas poéticas de los campesinos del mundo andino Ecuador, Perú y Bolivia |
| Mención de responsabilidad, etc. | Compilado por Carlos David Kleymeyer |
| 250 ## - MENCIÓN DE EDICIÓN | |
| Mención de edición | Segunda edición |
| 260 ## - PUBLICACIÓN, DISTRIBUCIÓN, ETC. (PIE DE IMPRENTA) | |
| Lugar de publicación, distribución, etc. | Quito, Ecuador : |
| Nombre del editor, distribuidor, etc. | Abya Yala, |
| Fecha de publicación, distribución, etc. | 1993 |
| 300 ## - DESCRIPCIÓN FÍSICA | |
| Extensión | 215 páginas : |
| Otros detalles físicos | ilustraciones ; |
| Dimensiones | 22 cm |
| 336 ## - TIPO DE CONTENIDO | |
| Content type term | texto |
| Content type code | txt |
| 337 ## - TIPO DE MEDIO | |
| Media type term | no mediado |
| Media type code | n |
| 338 ## - TIPO DE PORTADOR | |
| Carrier type term | volumen |
| Carrier type code | nc |
| 505 ## - NOTA DE CONTENIDO CON FORMATO | |
| Nota de contenido con formato preestablecido | Gran Cosmos -- Pequeño Cosmos (Terrestre) -- Animales Silvestres -- Pájaros del Campo -- Arboles -- Flores -- Frutos de la Tierra, Silvestres y Otras Plantas Útiles -- Frutos de la Tierra, Cultivados -- Herramientas de Labranza, Campo -- Casa -- Animales de Corral -- Herramientas de Labranza, Casa -- Útiles de Cocina -- Comida -- Cuerpo Humano -- Ropa y Prendas -- Plagas -- Mundo Moderno -- Música y Sonido. |
| 520 ## - SUMARIO, ETC. | |
| Sumario, etc, | Las adivinanzas de la presente publicación contienen el panorama andino, desde la luna hasta el colibrí y desde la mazorca de maíz hasta la campana de capilla. Es más, al leer estos centenares de adivinanzas uno encuentra revelada la cosmovisión indígena y así descubre el corazón del mundo andino. uno ve, oye, palpa, huele y saborea lo que es para millones de campesinos, la región andina, su tierra natal desde la antigüedad. Esta segunda edición de iImashi! ¡imashi! cubre una región geográfica más amplia, pues incluye las adivinanzas andinas de ecuador, Perú y ahora Bolivia. estas son cortos poemas metafóricos, que expresan con sutileza el espíritu de las culturas andinas. |
| 590 ## - NOTA LOCAL (RLIN) | |
| Nota local | bgg |
| 650 #4 - PUNTO DE ACCESO ADICIONAL DE MATERIA--TÉRMINO DE MATERIA | |
| Nombre de materia o nombre geográfico como elemento de entrada | Adivinanzas |
| 9 (RLIN) | 10854 |
| Nombre de materia o nombre geográfico como elemento de entrada | Folclore |
| Subdivisión geográfica | América del Sur |
| 9 (RLIN) | 12880 |
| Nombre de materia o nombre geográfico como elemento de entrada | Literatura folclórica |
| 9 (RLIN) | 13889 |
| 942 ## - ELEMENTOS DE PUNTO DE ACCESO ADICIONAL (KOHA) | |
| Fuente de clasificaión o esquema | Dewey Decimal Classification |
| Koha [por defecto] tipo de item | Monografía |
| Suprimido | Perdido | Fuente de clasificación o esquema | Estropeado | Restricciones de uso | No se presta | Koha Colección | Localización (Biblioteca) | Localización actual | Localización en estanterías | Fecha adquisición | Fuente de adquisición | Préstamos totales | Clasificación completa | Designación de pieza (código de barras) | Fecha última consulta | Número de ejemplar | Fecha del precio de reemplazo | Tipo de item de Koha |
|---|---|---|---|---|---|---|---|---|---|---|---|---|---|---|---|---|---|---|
| Disponible | Dewey Decimal Classification | Sin daños | Sin restricciones de uso | Disponible para préstamo | CIENCIAS SOCIALES | Biblioteca y Archivo de la CCE | Biblioteca y Archivo de la CCE | CIENCIAS SOCIALES | 30/03/2026 | Donación Dietlind Brehme | 398.6 K649 | 0006320 | 30/03/2026 | Ej. 1 | 30/03/2026 | Monografía |























